Mujer y educación en Colombia, siglos XVI-XIX : aportaciones del colegio de La Esperanza, 1783-1900 /

Guardado en:
Detalles Bibliográficos
Autor principal: Foz y Foz, Pilar (autor)
Formato: Libro
Idioma:Español
Publicado: Bogotá, Colombia : Academia Colombiana de Historia, 1997, c1997
Colección:(Biblioteca de Historia Nacional ; 148)
Temas:
Etiquetas: Agrega una etiqueta
Sin etiquetas, Sé el primero en etiquetar este registro!

MARC

LEADER 00000nam^a2200000^a^4500
001 000062786
005 20250521000000.0
009 20260310091002.844
020 |a 958-95765-0-8 
037 |a Acervo ITESO - Biblioteca 
041 |a ESP 
082 |a 370. 986102  |b FOZ 
100 |a Foz y Foz, Pilar  |e (autor) 
245 1 0 |a Mujer y educación en Colombia, siglos XVI-XIX :  |b aportaciones del colegio de La Esperanza, 1783-1900 /  |c P. Fox y Foz ; presen. de Alberto Gutiérrez ; pról. de Belisario Betancour. 
264 4 |a Bogotá, Colombia :  |b Academia Colombiana de Historia,  |c 1997, c1997 
300 |a 1 v. (varias paginaciones) 
336 |a texto  |b txt  |2 rdacontenido 
337 |a sin mediación  |b n  |2 rdamedio 
338 |a volumen  |b nc  |2 rdasoporte 
440 1 |a (Biblioteca de Historia Nacional ;  |v 148) 
649 |a XX 
650 |a Educación Religiosa -  |z Colombia -  |x Historia -  |x Hasta 1810 
650 |a Colombia -  |x Historia -  |y Siglo XIX 
650 |a Mujeres 
650 |a Monjas Españolas -  |x Biografías 
910 |a Fondo General 
920 |a Impresos - Libros 
930 |a Colección General 
905 |a 101 
901 |a 0500016269  |b IT1  |c ACC  |u 20250521 
902 |a https://opac.biblio.iteso.mx/vufind/Record/000062786